| 000 | 00363nam a22001337a 4500 | ||
|---|---|---|---|
| 008 | 150903b xxu||||| |||| 00| 0 eng d | ||
| 020 | _a039914725X | ||
| 050 | _aPS3558.A44338.S73 | ||
| 100 | _aHAMILTON, Masha. | ||
| 245 | _aStaircase of a thousand steps: a novel. / | ||
| 260 |
_aNew York: _bBlueHen Books, _c2001. |
||
| 300 |
_a273p.: _c21cm. |
||
| 942 |
_2lcc _cBK |
||
| 999 |
_c5725 _d13225 |
||